| 000 | 00385nam a22001697a 4500 | ||
|---|---|---|---|
| 005 | 20180319123644.0 | ||
| 008 | 160527b xxu||||| |||| 00| 0 eng d | ||
| 020 | _a0-07-463649-9 | ||
| 041 | _aeng | ||
| 082 |
_b5569 _a336.54 |
||
| 100 |
_aKhan M.Y. _94208 |
||
| 245 | _aIndian Financial System | ||
| 260 |
_bTMH _c2003 |
||
| 300 | _a20.23 | ||
| 650 |
_aManagement _9241 |
||
| 942 | _cBK | ||
| 999 |
_c1985 _d1984 |
||